Responses for Show #6051 - Monday, December 27, 2010

Contestants

[<< previous game]

Ryan Vogt, a video game reviewer originally from San Antonio, Texas

Andrea Barnes, a stay-at-home mom from Johnstown, Pennsylvania

Marissa Goldsmith, a web developer from Springfield, Virginia (whose 1-day cash winnings total $6,000)

[next game >>]

Jeopardy! Round responses

ALL ABOUT STEVE
ELVIS
NEBRASKA
A BIT CONSERVATIVE
CIVIL WAR DIARY
"POWER" LIFTING
    $200 1
Steve Jobs

Andrea
    $200 15
"Crying In The Chapel"

Triple Stumper
    $200 26
the von Trapps

Ryan
    $200 6
men and women

Marissa
    $200 11
South Carolina

Ryan
    $200 21
willpower

Andrea
    $400 2
Steve Miller

Ryan
    $400 16
Las Vegas

Marissa
    $400 27
(Ryan: What is quilting?)

cornhusking

Ryan
Triple Stumper
    $400 7
Teddy Roosevelt

Marissa
    $400 12
Jeff Davis

Marissa
    $400 22
(Marissa: What is a world power?)

a superpower

MarissaAndrea
    $600 3
(Alex: That was [*]; San Francisco 49ers)

Steve Young

Triple Stumper
    $600 18
Frank Sinatra

Marissa
    $600 28
[The end-of-round signal sounds.]

Oscar Wilde

Andrea
    $1,200 8
right wing

Marissa
    $600 13
(Marissa: What is the Army of [*]?)

the Potomac

Marissa
    $600 23
Power Point

Ryan
    $800 4
Forbes

Marissa
    $800 19
"Blue Suede Shoes"

Triple Stumper
    $800 9
the Colorado River

Triple Stumper
    $800 14
Gettysburg

Andrea
    $800 24
(Ryan: What is power metal)

power chord

Ryan
Triple Stumper
    $1000 5
Steve Fossett

Triple Stumper
    $1000 20
(Alex: And that black & white motion picture was called [*].)

Love Me Tender

Triple Stumper
    $1000 10
a Tory

Marissa
    $1000 17
Mobile (Bay)

Andrea
    $1000 25
power of attorney

Ryan

Scores at the first commercial break (after clue 15):

Marissa Andrea Ryan
$4,600 $1,000 $600

Scores at the end of the Jeopardy! Round:

Marissa Andrea Ryan
$5,200 $3,200 $1,200

Double Jeopardy! Round responses

PLACES IN THE BIBLE
MOVIE NAMES
THE RAT PACK
PLAY PENNERS
5-LETTER WORDS
THE NATIONAL MUSEUM OF THE AMERICAN INDIAN
    $400 1
Sodom

Ryan
    $400 6
Susan

Marissa
    $400 11
(Ryan: What is Brazil?)

The Philippines

MarissaRyan
    $400 19
Arthur Miller

Marissa
    $400 21
Lucky

Marissa
    $400 29
[The end-of-round signal sounds.]

Valley Forge

Andrea
    $800 2
Nazareth

Ryan
    $800 7
Max

Marissa
    $800 12
kangaroo

Marissa
    $800 18
Tennessee Williams

Marissa
    $800 22
an atlas

Triple Stumper
    $800 27
(Alex: [*], rain, yes.

water

Marissa
    $1200 3
the Mount of Olives

Triple Stumper
    $1200 8
(Marissa: What is Evan?)

Bruce

MarissaAndrea
    $1200 13
South America

Marissa
    $1200 16
Samuel Beckett

Ryan
    $1200 23
a plume

Marissa
    $1200 26
salmon

Marissa
    $1600 4
Ararat

Andrea
    $1600 9
Joe

Andrea
    $1600 14
(Marissa: What is a bat?)

a mole

MarissaRyan
    $4,000 17
(Ryan: Who is ... Thornton Wilder?)

George Bernard Shaw

Ryan
    $1600 24
mince

Andrea
    $1600 28
a trickster

Andrea
    $400 5
Jericho

Andrea
    $2000 10
Tad Hamilton

Marissa
    $2000 15
cassava

Triple Stumper
    $2000 20
August Wilson

Andrea
    $2000 25
(Alex: And we have a minute to go, now.)

tines

Marissa

Scores at the end of the Double Jeopardy! Round:

Marissa Andrea Ryan
$14,800 $13,600 $800

[wagering suggestions for these scores]

Final Jeopardy! Round responses

LANGUAGES OF EUROPE
(Alex: Where do you find a combination of Britain and Spain?)
RyanWhat is #$Γ
$792
AndreaWhat is Andorra?
$1,201
MarissaWhat is Gibralter?
$12,500
Gibraltar

Final scores:

Marissa Andrea Ryan
$27,300 $12,399 $8
2-day champion: $33,300 2nd place: $2,000 3rd place: $1,000

Game dynamics:

Coryat scores:

Marissa Andrea Ryan
$14,200 $15,200 $4,800
22 R
(including 1 DD),
3 W
14 R
(including 1 DD),
0 W
9 R,
4 W
(including 1 DD)

Combined Coryat: $34,200

[game clues] [game scores] [suggest correction]

Game tape date: 2010-09-22
The J! Archive is created by fans, for fans. Scraping, republication, monetization, and malicious use prohibited; this site may use cookies and collect identifying information. See terms. The Jeopardy! game show and all elements thereof, including but not limited to copyright and trademark thereto, are the property of Jeopardy Productions, Inc. and are protected under law. This website is not affiliated with, sponsored by, or operated by Jeopardy Productions, Inc. Join the discussion at JBoard.tv.